West African Religion (Record no. 5406)

MARC details
000 -LEADER
fixed length control field 00397nam a2200157 a 4500
082 00 - DEWEY DECIMAL CLASSIFICATION NUMBER
Classification number 299.6
Author Cutter PAR
100 ## - MAIN ENTRY--AUTHOR NAME
Author name Parrinder, Geofferey
245 ## - TITLE STATEMENT
Title West African Religion
260 ## - PUBLICATION, DISTRIBUTION, ETC. (IMPRINT)
Place of publication London
Name of publisher Epworth Press
Year of publication 1961
300 ## - PHYSICAL DESCRIPTION
Number of Pages 203p
500 ## - GENERAL NOTE
General note includes index and biblioraphy
505 2# - FORMATTED CONTENTS NOTE
Formatted contents note Bibliography, Index
650 ## - SUBJECT ADDED ENTRY--TOPICAL TERM
Topical Term Religion-West African
942 ## - ADDED ENTRY ELEMENTS (KOHA)
Koha item type Books
700 1# -
-- Parrinder, Geofferey
Holdings
Home library Current library Date acquired Cost, normal purchase price Full call number Accession Number Koha item type
Henry Martyn Institute Library Henry Martyn Institute Library 05/24/2005 20.00 299.6 PAR 05672 E-Books
                   Copyright © 2026 | Henry Martyn Institute | Hyderabad | TS-500052 | INDIA | Implemented by hmi.edu.in
Hit-Count:

Powered by Koha